| 000 | 00468 a2200205 4500 | ||
|---|---|---|---|
| 260 | _aSt-Mandé | ||
| 100 | _aPREVOT, André-Romain | ||
| 260 | _bEditions de la Tourelle | ||
| 245 | _aHumus : biogénèse, biochimie, biologie | ||
| 300 | _a342 p. | ||
| 650 | _a<Sols> | ||
| 260 | _c1970 | ||
| 300 | _bfig. ; 22 cm | ||
| 130 | _lFr. | ||
| 035 | _a915 | ||
| 500 | _aBibliographie : pp. 327-333 | ||
| 999 |
_c11543 _d11543 |
||